000 01074nam a22003137a 4500
003 CHAP
005 20220329141800.0
008 971013s1978 r 00010 d
010 _a73753
011 _a74725
035 _a84284
040 _cCHAP
090 _aTesis
100 0 0 _aCárdenas Guzmán, Elsa Silvia.
_924068
245 _aContribución al estudio de la calidad del huevo que se consume en el Distrito Federal y sugestiones para su control sanitario
260 _aMéxico, D. F. :
_bEl autor,
_c1978
300 _a(s.p.)
502 _aTesis (Médico Veterinario Zootecnista) -- UNAM. Fac. de Medicina Veterinaria y Zootecnia
590 _aALEPH
_b10
_c20130110
_lUCH01
_h1417
590 _aBATCH-UPD
_b10
_c20130110
_lUCH01
_h0525
590 _aBATCH-UPD
_b10
_c20130410
_lUCH01
_h0205
590 _aBATCH-UPD
_b10
_c20130914
_lUCH01
_h0952
590 _aCONVERSION
_b10
_c20130109
_lUCH01
_h1340
650 1 4 _aHuevos
_xCalidad.
_956742
650 1 4 _aHuevos
_xInspección.
_956750
901 _aBK
942 _cTESIS
949 _bBC
_cTES
_d-39525
_eTS1
_i84284
_si
999 _c73753
_d73753